| 000 | 00744nam a2200253 a 4500 | ||
|---|---|---|---|
| 001 | 000025139 | ||
| 005 | 20250916134336.0 | ||
| 008 | 110210s1991 sp r 000 0 spa d | ||
| 020 | _a842391819X | ||
| 040 |
_aDO-SdBNP _bspa _cBNPHU |
||
| 082 |
_a152.4 _bR719v, 1991 |
||
| 100 | 1 |
_aRof Carballo, Juan, _d1905-1994 _951540 |
|
| 245 | 1 | 0 |
_aViolencia y ternura / _cJuan Rof Carballo. |
| 250 | _a2a ed. | ||
| 260 |
_aMadrid, (España) : _bEspasa-Calpe, _c1991. |
||
| 300 |
_a394 p. ; _c18 cm. |
||
| 490 | 1 | _aAustral. Ciencias del hombre | |
| 650 | 4 |
_aAgresivida (psicología) _951541 |
|
| 650 | 4 |
_aBondad _951542 |
|
| 650 | 4 |
_aTernura _951543 |
|
| 650 | 0 |
_aViolencia _91750 |
|
| 830 | 0 |
_aAustral. _pCiencias del hombre _951544 |
|
| 049 | _aBNGR | ||
| 999 |
_c24632 _d24632 |
||